LEADER 01016nam a2200265 i 4500 001 000000149657 003 CaOOAMICUS 005 20060517000000.0 008 060517s1987 it u000 u ita u 013 $a126982 040 $aSeMil$bita 100 1 $aBurgess, Anthony,$d<1917-1993>.$0(OLS)http://semarc/name/90383 245 13$aLa vita in fiamme /$cAnthony Burgess ; traduzione di Masolino D'Amico. 260 $aMilano :$bArnoldo Mondadori Editore,$c1987. 300 $a267 p. ;$c20 cm. 490 0 $aPassaggi ;$v11 500 $aFondo Ciprandi. 700 1 $aD'Amico, Masolino,$d<1939- >.$0(OLS)http://semarc/name/19342 830 0$aPassaggi ;$v11.$0(OLS)http://semarc/title/7839 850 $aSeMil 852 $aSeMil$W1$xVenegono$y1$m1V IV 52$j101858$B101858$CSeMilBibl$Z2$F111208 $81 941 1 $a1 961 $aOmaggio: Ciprandi dott. Paolo 996 $6245$aLa vita in fiamme$9(OLS)http://semarc/title/218750 996 $6260$aMilano :$bArnoldo Mondadori Editore$9(OLS)http://semarc/publisher/30056 LEADER 01403nam a2200193 i 4500 001 000000053403 003 CaOOAMICUS 005 20130204000000.0 008 130204s1760 xx u000 u lat u 013 $a24575 026 $aame- s.*, l-o- trin (3) 1760 (R) - [*= ae] 040 $aSeMil$bita 245 10$aTomus 1. 300 $axxix, [1], 570 p. 500 $aSegn. : *4 2*² (-2*2) b4 (-b1) c4 d4 (-d4) A-4B4 4C2 (-4C2). 773 0 $aCostantini, Francesco Maria <1639-1713>$tFrancisci Mariae Constantini ... Vota decisiva in causis in qui bus munere Locumtenentis Civilis in Tribunalis Gubernatoris urbis, secundi, & subinde primi collateralis in Curia Capitolii, unius ex agentibus communitatum ecclesiasticae ditionis ... vel definitive pronunciavit, aut in sensu veritatis respondit. In sex tomos distributa; atque a Cosmo Mathia Constantino ... in lucem edita variis, novisque additionibus ... & conclusionum indice locupletata. Accedunt nunc primum novae, & numquam antea editae eruditissimae, locupletissimaeque Additiones posthumae, quae praesertim in veneta editione desiderantur. Tomus 1. [-6.].$dRomae : Sumptibus Giannini Equitis levis armaturae, ac librorum Sanctitatis Suae provisoris in Platea Capranicensi, 1760.$g1$w()27975 850 $aSeMil 852 $aSeMil$W1$xVenegono$y1$m2H V 56 FA$j19557$B19557$CSeMilBibl$Z2$F19559 $8I 996 $6245$aTomus 1$9(OLS)http://semarc/title/47282